000 00716cam a22002533a 4500
001 18815
003 PGUSA
005 20140828083411.0
008 060713s2006||||xxu|||||s|||||000 1 eng d
040 _aPGUSA
_beng
042 _adc
050 4 _aPR
100 1 _aWatson, Sidney
245 1 4 _aThe Mark of the Beast
_h[electronic resource] /
_cSidney Watson
260 _bProject Gutenberg,
_c2006
506 _aPublic domain in the USA.
516 _aElectronic text
653 _aSecond Advent -- Fiction
653 _aChristian fiction
653 _aTribulation (Christian eschatology) -- Fiction
830 0 _aProject Gutenberg
_v18815
856 4 0 _uhttp://www.gutenberg.org/ebooks/18815
942 _cEB
999 _c248070
_d248070